A handbook on using the mixed survey for measuring informal employment and the informal sector / (Record no. 6122)
[ view plain ]
| 000 -LEADER | |
|---|---|
| fixed length control field | 01801nam a2200373 i 4500 |
| 001 - CONTROL NUMBER | |
| control field | ebr10944642 |
| 003 - CONTROL NUMBER IDENTIFIER | |
| control field | CaPaEBR |
| 006 - FIXED-LENGTH DATA ELEMENTS--ADDITIONAL MATERIAL CHARACTERISTICS--GENERAL INFORMATION | |
| fixed length control field | m o d |
| 007 - PHYSICAL DESCRIPTION FIXED FIELD--GENERAL INFORMATION | |
| fixed length control field | cr cn||||||||| |
| 008 - FIXED-LENGTH DATA ELEMENTS--GENERAL INFORMATION | |
| fixed length control field | 141008t20112011ph a ob 000 0 eng d |
| 020 ## - INTERNATIONAL STANDARD BOOK NUMBER | |
| Cancelled/invalid ISBN | 9789290922445 |
| International Standard Book Number | 9789290922674 (e-book) |
| 040 ## - CATALOGING SOURCE | |
| Original cataloging agency | CaPaEBR |
| Language of cataloging | eng |
| Description conventions | rda |
| -- | pn |
| Transcribing agency | CaPaEBR |
| 035 ## - SYSTEM CONTROL NUMBER | |
| System control number | (OCoLC)893677258 |
| 050 14 - LIBRARY OF CONGRESS CALL NUMBER | |
| Classification number | HD2340.8 |
| Item number | .A853 2011eb |
| 082 04 - DEWEY DECIMAL CLASSIFICATION NUMBER | |
| Classification number | 339.46 |
| Edition number | 23 |
| 110 2# - MAIN ENTRY--CORPORATE NAME | |
| Corporate name or jurisdiction name as entry element | Asian Development Bank, |
| Relator term | author. |
| 245 12 - TITLE STATEMENT | |
| Title | A handbook on using the mixed survey for measuring informal employment and the informal sector / |
| Statement of responsibility, etc | Asian Development Bank. |
| 264 #1 - PRODUCTION, PUBLICATION, DISTRIBUTION, MANUFACTURE, AND COPYRIGHT NOTICE | |
| Place of production, publication, distribution, manufacture | Metro Manila, Philippines : |
| Name of producer, publisher, distributor, manufacturer | Asian Development Bank, |
| Date of production, publication, distribution, manufacture, or copyright notice | 2011. |
| Date of production, publication, distribution, manufacture, or copyright notice | �2011 |
| 300 ## - PHYSICAL DESCRIPTION | |
| Extent | 1 online resource (193 pages) : |
| Other physical details | illustrations |
| 336 ## - CONTENT TYPE | |
| Content type term | text |
| Source | rdacontent |
| 337 ## - MEDIA TYPE | |
| Media type term | computer |
| Source | rdamedia |
| 338 ## - CARRIER TYPE | |
| Carrier type term | online resource |
| Source | rdacarrier |
| 504 ## - BIBLIOGRAPHY, ETC. NOTE | |
| Bibliography, etc | Includes bibliographical references. |
| 588 ## - SOURCE OF DESCRIPTION NOTE | |
| Source of description note | Description based on online resource; title from PDF title page (ebrary, viewed October 8, 2014). |
| 590 ## - LOCAL NOTE (RLIN) | |
| Local note | Electronic reproduction. Palo Alto, Calif. : ebrary, 2014. Available via World Wide Web. Access may be limited to ebrary affiliated libraries. |
| 650 #0 - SUBJECT ADDED ENTRY--TOPICAL TERM | |
| Topical term or geographic name as entry element | Informal sector (Economics) |
| Form subdivision | Handbooks, manuals, etc. |
| Topical term or geographic name as entry element | Informal sector (Economics) |
| General subdivision | Employees |
| Form subdivision | Handbooks, manuals, etc. |
| 655 #0 - INDEX TERM--GENRE/FORM | |
| Genre/form data or focus term | Electronic books. |
| 776 08 - ADDITIONAL PHYSICAL FORM ENTRY | |
| Display text | Print version: |
| Main entry heading | Asian Development Bank. |
| Title | Handbook on using the mixed survey for measuring informal employment and the informal sector. |
| Place, publisher, and date of publication | Metro Manila, Philippines : Asian Development Bank, c2011 |
| Physical description | iii, 180 pages |
| International Standard Book Number | 9789290922445 |
| 797 2# - LOCAL ADDED ENTRY--CORPORATE NAME (RLIN) | |
| Corporate name or jurisdiction name as entry element | ebrary. |
| 856 40 - ELECTRONIC LOCATION AND ACCESS | |
| Uniform Resource Identifier | <a href="http://site.ebrary.com/lib/rucke/Doc?id=10944642">http://site.ebrary.com/lib/rucke/Doc?id=10944642</a> |
| Public note | An electronic book accessible through the World Wide Web; click to view |
No items available.
